Sports Quiz

Random Sports or Board Games Quiz

2009-10 Lowest Point Getter per Team Quiz Stats

 Plays Quiz not verified by Sporcle

Challenge
Share
Tweet
Embed
Score 0/30 Timer 10:00
0 Plays Today
NHL Team Player % Correct
Anaheim DucksGeorge Parros
62.5%
Pittsburgh PenguinsEric Godard
33.3%
St. Louis BluesCam Janssen
33.3%
Colorado AvalancheDavid Koci
25%
Los Angeles KingsRaitis Ivanans
25%
Montreal CanadiensRyan O'Byrne
25%
Detroit Red WingsBrad May
20.8%
New York Rangers Donald Brashear
20.8%
San Jose SharksJody Shelley
20.8%
Nashville PredatorsWade Belak
16.7%
New Jersey DevilsAndrew Peters
12.5%
Vancouver CanucksDarcy Hordichuk
12.5%
Chicago BlackhawksBrent Sopel
8.3%
Minnesota WildJohn Scott
8.3%
Toronto Maple LeafsGarnet Exelby
8.3%
NHL Team Player % Correct
Buffalo SabresMatt Ellis
4.2%
Carolina HurricanesNiclas Wallin
4.2%
New York IslandersTim Jackman
4.2%
Tampa Bay LightningMatt Smaby
4.2%
Atlanta ThrashersAnssi Salmela
0%
Boston BruinsMark Stuart
0%
Calgary FlamesCory Sarich
0%
Columbus Blue JacketsMike Blunden
0%
Dallas StarsJeff Woywitka
0%
Edmonton OilersTaylor Chorney
0%
Florida PanthersVictor Oreskovich
0%
Ottawa SenatorsShean Donovan
0%
Philadelphia FlyersRyan Parent
0%
Phoenix CoyotesPaul Bissonnette
0%
Washington CapitalsQuintin Laing
0%

You're not logged in!

Compare scores with friends on all Sporcle quizzes.
Join for Free
OR
Log In

You Might Also Like...

Show Comments

Extras

Top Quizzes Today


Score Distribution

Your Account Isn't Verified!

In order to create a playlist on Sporcle, you need to verify the email address you used during registration. Go to your Sporcle Settings to finish the process.

Report this User

Report this user for behavior that violates our Community Guidelines.

Details: